000 00812nam a2200181Ia 4500
008 100921s9999 xx 000 0 und d
082 _b34273
_a920 न 00
100 _aनलगे दिलिप,देशपांडे दिपा.संपा.
245 _aअमृतसाक्षी-बा.रा.जोशी गौरवग्रंथ.
260 _bमानस प्रकाशन, कोल्हापूर.
_c2000
300 _a104
_b---
365 _b70
520 _aचरित्रे-आठवणी.
630 _aअमृतसाक्षी-बा.रा.जोशी गौरवग्रंथ.
650 _aचरित्रे-आठवणी.
730 _aअमृतसाक्षी-बा.रा.जोशी गौरवग्रंथ.
942 _cBOOK
999 _c783386
_d783383